Characteristics of men, manners, opinions, times, etc. / (Record no. 165290)

MARC details
000 -LEADER
campo de control de longitud fija 00717nam a22001935i 4500
001 - NÚMERO DE CONTROL
campo de control 165290
003 - IDENTIFICADOR DE NÚMERO DE CONTROL
campo de control ES-MaACL
005 - FECHA Y HORA DE LA ÚLTIMA TRANSACCIÓN
campo de control 20250718062548.0
008 - DATOS DE LONGITUD FIJA--INFORMACIÓN GENERAL
campo de control de longitud fija 050906s1900 xxk | |||||||| ||eng d
040 ## - FUENTE DE CATALOGACIÓN
Centro catalogador/agencia de origen CAM
Lengua de catalogación spa
Centro/agencia transcriptor CAM
100 1# - ENTRADA PRINCIPAL--NOMBRE DE PERSONA
Nombre de persona Shaftesbury, Anthony Ashley Cooper
Títulos y otros términos asociados al nombre Earl of.
9 (RLIN) 132701
245 10 - MENCIÓN DEL TÍTULO
Título Characteristics of men, manners, opinions, times, etc. /
Mención de responsabilidad, etc. by Anthony Earl of Shaftesbury ; edited with an introduction and notes by John M. Robertson.
260 ## - PUBLICACIÓN, DISTRIBUCIÓN, ETC.
Lugar de publicación, distribución, etc. London :
Nombre del editor, distribuidor, etc. Grant Richards,
Fecha de publicación, distribución, etc. 1900.
300 ## - DESCRIPCIÓN FÍSICA
Extensión 2 v. (XLIX, 337 ; VII, 373 p.) ;
Dimensiones 21 cm.
650 #7 - PUNTO DE ACCESO ADICIONAL DE MATERIA--TÉRMINO DE MATERIA
Término de materia o nombre geográfico como elemento de entrada Ética
Fuente del encabezamiento o término embne
9 (RLIN) 12577
700 1# - ENTRADA AGREGADA--NOMBRE PERSONAL
Nombre de persona Robertson, John M.
9 (RLIN) 131888
852 ## - LOCALIZACIÓN
Ubicación ES-MaACL
Número de control de estantería F-1876-77
Nota libre -- Enc. tela
Holdings
Estatus retirado Estado de pérdida Estado de daño No para préstamo Colección Biblioteca de origen Biblioteca actual Ubicación en estantería Fecha de adquisición Total de préstamos Signatura topográfica completa Código de barras Visto por última vez Precio de reemplazo Tipo de ítem Koha
        Libros del s. XIX Biblioteca del Ateneo de Madrid Biblioteca del Ateneo de Madrid Depósito 2 17/01/2008   F-1876-77 1173325 23/02/2023 23/02/2023 Libro impreso antiguo